| 000 | 00679cam a22002413a 4500 | ||
|---|---|---|---|
| 001 | 5887 | ||
| 003 | PGUSA | ||
| 005 | 20140828083125.0 | ||
| 008 | 040601s2004||||xxu|||||s|||||000 | eng d | ||
| 040 |
_aPGUSA _beng |
||
| 042 | _adc | ||
| 050 | 4 | _aHD | |
| 100 | 1 |
_aVaknin, Samuel, _d1961- |
|
| 245 | 1 | 4 |
_aThe Labor Divide _h[electronic resource] / _cSamuel Vaknin |
| 260 |
_bProject Gutenberg, _c2004 |
||
| 506 | _aCopyrighted. Read the copyright notice inside this book for details. | ||
| 516 | _aElectronic text | ||
| 653 | _aLabor | ||
| 700 | 1 | _aRangelovska, Lidija | |
| 830 | 0 |
_aProject Gutenberg _v5887 |
|
| 856 | 4 | 0 | _uhttp://www.gutenberg.org/ebooks/5887 |
| 942 | _cEB | ||
| 999 |
_c235215 _d235215 |
||